Sabe usted que es la estereofonía?: obra de teatro en un acto /
Na minha lista:
| Autor principal: | |
|---|---|
| Formato: | Livro |
| Idioma: | Spanish |
| Publicado em: |
Guatemala:
Editorial José de Pineda Ibarra,
1973
|
| Assuntos: | |
| Tags: |
Adicionar Tag
Sem tags, seja o primeiro a adicionar uma tag!
|
MARC
| LEADER | 00000nam a22000007a 4500 | ||
|---|---|---|---|
| 008 | 140819b1973 g f |||| 000 d spa d | ||
| 082 | |a G862.4 |b M538s | ||
| 100 | 1 | |a Mendizabal Padilla, Rolando | |
| 245 | 1 | 0 | |a Sabe usted que es la estereofonía?: |b obra de teatro en un acto / |c Rolando Mendizabal Padilla |
| 260 | |a Guatemala: |b Editorial José de Pineda Ibarra, |c 1973 | ||
| 300 | |a 69 páginas | ||
| 500 | |a Obra de teatro en un acto. Primer premio en el género de teatro LVII Juegos Florales Centroamericanos. | ||
| 650 | 7 | |9 46 |a LITERATURA GUATEMALTECA |v TEATRO | |
| 942 | |2 ddc |c BK | ||
| 999 | |c 3397 |d 3397 | ||
